000
00339nam a2200145Ia 4500
008
230718s9999 xx 000 0 und d
041
_a
Eng.
082
_a
340
_b
LAT-P
100
_a
Late M. Malik Mix
245
0
_a
P. L.D (2011)
260
_a
Pakistan
_b
All Pakistan legal decision
_c
2011
300
_a
623
650
_a
Law
999
_c
27168
_d
27168